Statistics for Largest Cities in Netherlands within 20 km

Click here to take the quiz!

General Stats

  • This quiz has been taken 84 times
  • The average score is 25 of 40

Answers on the Map

Answers color-coded by a green-red scale on the quiz's map according to % correct below.
 

Answer Stats

city% Correct
Amsterdam
99%
Rotterdam
99%
The Hague
95%
Utrecht
91%
Maastricht
88%
Eindhoven
87%
Groningen
87%
Breda
80%
Nijmegen
76%
Tilburg
73%
Alkmaar
72%
Enschede
69%
's-Hertogenbosch
69%
Middelburg
67%
Almere
65%
Leeuwarden
65%
Zwolle
65%
Apeldoorn
63%
Den Helder
60%
Lelystad
60%
Venlo
59%
Heerenveen
55%
Roosendaal
55%
Assen
53%
Emmen
52%
Heerlen
52%
Harlingen
51%
Hoorn
51%
Roermond
51%
Harderwijk
48%
Terneuzen
45%
Winterswijk
45%
Delfzijl
44%
Emmeloord
44%
Weert
44%
Hoogeveen
41%
Venray
39%
Doetinchem
37%
Veendam
33%
West-Terschelling
27%

Score Distribution

Percentile by Number Answered

Percent of People with Each Score

Your Score History

You have not taken this quiz